=LDR 00000nam 2200000 4500 =001 INLIS000000000048480 =005 20200603081308 =035 ##$$a 0010-111600000000059 =008 200603################g##########0#ind## =040 ##$$a NBPDMAT =082 ##$$a 297.1 =090 ##$$a 297.1$bIbn m =100 ##$$a Ibnu Qoyyim Al Jauziyah =245 1#$$a Mutiara di samudra Al Fatihah /$c Ibnu Qayyim Al Jauziyah =260 ##$$a Jakarta :$b Mitrapress,$c 2011 =300 ##$$a viii, 256 hlm. ; $c 14x21 cm. =650 #4$$a Al Qur'an - Al Fatehah =850 ##$$a NBPDMAT =020 ##$$a 978-602-8446-09-9 =084 ##$$a 297.1 IBN m =990 ##$$a 51600201